000 00523nam a22001577a 4500
020 _qHard Cover.
082 _a658
100 _aTariq, Mahwish.
245 _aFinancial Analysis and Performance Comparison between Islamic Banks and Commercial Banks in Pakistan:
_b2008-2012
_cMehwish Tariq.
260 _aIslamabad:
_bNBS - NUST,
_c2013.
300 _a54 p, : ill. ;
_c30cm.
650 _aMBA-Thesis.
_917629
700 _aFazli Azam.
_918819
942 _2ddc
_cTHE
999 _c532448
_d532448